| 000 | 01182nam a22002777a 4500 | ||
|---|---|---|---|
| 005 | 20170503150429.0 | ||
| 010 | _a1617EN ENG-115137 | ||
| 020 |
_a9789385755699 _c499.00 |
||
| 035 | _aB-651791-794 | ||
| 035 | _aB-666203 | ||
| 035 | _aEN-98669 | ||
| 037 |
_bPragati _adpl |
||
| 037 | _bDBAD/PUB | ||
| 082 | _a641.3372 | ||
| 100 | _aEllis, Markman | ||
| 245 |
_aEmpire of tea : _bthe Asian leaf that conquered the world / _cby Markman Ellis, Richard Coulton [and] Matthew Mauger |
||
| 260 |
_aNew Delhi _bSpeaking Tiger _c2015 |
||
| 270 |
_a4381/4 Ansari Road, Daryaganj, _bNew Delhi _e110002 |
||
| 300 |
_a326p. : _c24cm(pbk) _bill.,maps |
||
| 500 | _aIncludes bibliographical references and index | ||
| 700 | _aCoulton, Richard | ||
| 700 | _aMauger, Matthew | ||
| 942 |
_2ddc _cEN _mELL _h641.3372 |
||
| 999 |
_c100046 _d100046 |
||